000 00579nam a2200253Ia 4500
008 210210b2010 xxu||||| |||| 00| 0 eng d
020 _a9780240812588
041 _aeng
082 _a778.719 KEIN
100 _aKEIMIG (Lance)
245 _aNight photography: finding your way in the dark
260 _aAmsterdam
_bElseveir
_c2010
300 _axxviii,251
650 _ayour
650 _away
650 _athe
650 _aphotography:
650 _aNight
650 _ain
650 _afinding
650 _adark
690 _aPhotography
906 _a067735
999 _c150848
_d150848